00504 a2200181 4500260001000000630006300010650002800073100002200101260001700123245008800140300001600228650002100244260000900265300001000274100000700284037001300291020001800304 aParis a62 - Ingenierie. Art de lingenieur. Technologie en general a6 - SCIENCES APPLIQUEES aBondeville, Denys bEd. Eyrolles aWorld Wide Web : Guide pratique de Nescape et Mosaic : version Windows et Macintosh axii - 320p. aNavigation : TIC c1981 b22cm. lFr aL. 14045 a2-212-08903-1